Poesías de Rosalía de Castro: 1837, 1885. Prólogo y selección de Carlos J. Larraín de Castro
Guardat en:
| Autor principal: | |
|---|---|
| Format: | Llibre |
| Idioma: | espanyol |
| Publicat: |
Santiago
Imprenta Universitaria
1930
|
| Edició: | 1a. ed |
| Matèries: | |
| Etiquetes: |
Afegir etiqueta
Sense etiquetes, Sigues el primer a etiquetar aquest registre!
|
MARC
| LEADER | 00000nam a2200000 a 4500 | ||
|---|---|---|---|
| 001 | UCJ4974 | ||
| 003 | CL-VaPUC | ||
| 008 | 070124e19300000CL |||||||||||||||||spa|d | ||
| 082 | 0 | 4 | |a 861 |b CAS |2 21 |
| 100 | |a Castro, Rosalía de |e author |9 321608 | ||
| 245 | 1 | 0 | |a Poesías de Rosalía de Castro: 1837, 1885. Prólogo y selección de Carlos J. Larraín de Castro |
| 250 | |a 1a. ed | ||
| 300 | |a 62 p | ||
| 942 | |c BK | ||
| 945 | |d 20070124 00:00:00 |a rinostro | ||
| 260 | |a Santiago |b Imprenta Universitaria |c 1930 | ||
| 650 | 0 | |a Poesía española |9 264938 | |
| 650 | 0 | |a Crítica literaria |9 269189 | |
| 583 | |a last modification |c 20070124 00:00:00 |k Rodrigo Vera | ||
| 999 | |c 321088 |d 321086 | ||
| 952 | |0 0 |1 0 |4 0 |6 861_000000000000000_CAS_1930 |7 0 |8 X |9 399750 |a FDOBUD |b FDOBUD |d 2019-11-22 |i 1028413 |o 861 CAS 1930 |p 1028413 |r 2019-11-22 |w 2019-11-22 |y BK_X |k BUD | ||